[Event "Harplinge"]
[Site "Harplinge"]
[Date "1998.08.22"]
[Round "8"]
[White "Sutovsky, Emil"]
[Black "Agrest, Evgenij"]
[Result "1-0"]
[WhiteElo "2575"]
[BlackElo "2545"]
[Annotator "Ftacnik,L"]
[PlyCount "117"]
[EventDate "1998.08.15"]
[EventType "tourn"]
[EventRounds "9"]
[EventCountry "SWE"]
[EventCategory "12"]
[SourceTitle "CBM 067"]
[Source "ChessBase"]
[SourceDate "1998.11.30"]
[SourceVersion "2"]
[SourceVersionDate "1998.11.01"]
[SourceQuality "1"]

1. e4 c5 2. Nf3 e6 3. Nc3 a6 4. g3 b5 5. Bg2 Bb7 6. d4 b4 {Black stretches the
queenside activity to the limits.} (6... Nf6 7. e5 (7. Bg5 b4 (7... cxd4 8.
Nxd4 (8. Qxd4 Nc6 9. Qe3 h6 10. Bxf6 gxf6 11. O-O Qc7 12. Ne2 Ne5 13. Nxe5 fxe5
14. Kh1 Bc5 15. Qf3 h5 16. a4 b4 17. c3 bxc3 18. Qxc3 Bb6 {0-1 Leroy,D-Ivanov,
M/Paris op 1998 (36)}) 8... h6 9. Bxf6 Qxf6 10. O-O Nc6 11. Nxc6 dxc6 12. Qe2
e5 13. a4 b4 14. Nb1 a5 15. Qe3 Bd6 16. Nd2 Qe7 17. Nb3 c5 18. Nd2 {1-0 Adams,
M-Short,N/FIDE-Wch k.o. 1997 (40)}) 8. Na4 cxd4 9. Qxd4 Nc6 10. Qb6 Qxb6 11.
Nxb6 Nxe4 12. Nxa8 Bxa8 13. Be3 Be7 14. O-O-O d5 15. Nd4 Ne5 16. Nb3 Nc4 17.
Bxe4 dxe4 18. Rhe1 f5 19. Bc5 a5 {1-0 Hebden,M-Chomet,P/Royan op 1989 (40)})
7... Ne4 (7... cxd4 8. Qxd4 Nc6 (8... Nd5 9. Nxd5 Bxd5 10. O-O Nc6 11. Qf4 Be7
12. Qg4 g6 13. Bh6 Qc7 14. Rad1 Bxf3 15. Qxf3 Rc8 16. Qe2 Rg8 17. a4 Qxe5 18.
Bxc6 Qxe2 19. Bxd7+ Kd8 20. Bxb5+ Qxd1 21. Rxd1+ Kc7 22. Rd7+ Kb6 23. Bxa6 Kxa6
24. Rxe7 {1/2-1/2 Sutovskij,E-Spangenberg,H/Villa Martelli 1997 (41)}) 9. Qe3
Nb4 10. Qe2 Nfd5 11. Ne4 Qc7 12. c3 Nc6 13. Bf4 Nxf4 14. gxf4 f5 15. exf6 Qxf4
16. fxg7 Bxg7 17. Rd1 Bf8 18. a4 Rg8 19. Ng3 bxa4 20. Nd4 Nxd4 21. Rxd4 Qc1+
22. Rd1 {1-0 Ivanov,A-Ginsburg,M/NY Manhattan 1990 (40)}) 8. Ne2 Qc7 9. O-O d6
10. Bf4 Nd7 11. c3 Be7 12. exd6 Bxd6 13. a4 O-O 14. Bxd6 Nxd6 15. axb5 axb5 16.
Rxa8 Rxa8 17. dxc5 Nxc5 18. Ned4 Qb6 {Jansa,V-Zapata,A/Zenica 1986/0-1 (58)}) (
6... cxd4 7. Qxd4 Nf6 8. Be3 Nc6 9. Qb6 Rb8 10. O-O-O d6 11. Rhe1 Be7 12. Qxd8+
{1/2-1/2 De Firmian,N-Agrest,E/Stockholm2 1998}) 7. Na4 cxd4 8. Nxd4 (8. Qxd4
Nf6 9. e5 Nc6 10. Qb6 Nd5 11. Qxd8+ Rxd8 12. Bg5 f6 13. exf6 gxf6 14. Bh4 Kf7
15. O-O-O Rg8 16. Rd3 a5 17. Rhd1 Nce7 18. Nc5 Ba8 19. Ne4 Nf5 {0-1 Kveinys,
A-Adamski,J/Katowice op 1992 (28)}) 8... Qa5 (8... Nf6 9. Bg5 Qa5 10. Bxf6 gxf6
11. c3 f5 12. O-O fxe4 13. cxb4 Bxb4 14. a3 Be7 15. Re1 d5 16. b4 Qd8 17. f3 e3
18. Nc5 Qb6 19. Rxe3 Nc6 {1/2-1/2 Garcia,G-Sutovskij,E/FIDE-Wch k.o. 1997 (25)}
) 9. c3 Nf6 (9... e5 $5 10. Ne2 Bc6 11. b3 Bxa4 12. bxa4 bxc3 13. Qd3 Nc6 (
13... Bb4 14. a3 Qxa4 15. O-O Qb5 16. Qf3 Ba5 17. Nxc3 Bxc3 18. Qxc3 Nc6 $13)
14. Nxc3 Bb4 15. Bd2 Nf6 $13) 10. O-O Bxe4 (10... Nxe4 11. cxb4 Qxb4 12. a3 $44
) 11. Bxe4 Nxe4 12. cxb4 Qxb4 {[%mdl 4] Agrest has won a pawn, but his pieces
are visibly underdeveloped. White has few moves to create some counterplay.} (
12... Bxb4 13. a3 Be7 14. b4 Qc7 15. Bb2 Nf6 16. Rc1 $132) 13. Be3 Be7 14. Nf5
$5 (14. Rc1 O-O $15) 14... exf5 (14... Bf6 $2 15. Nb6 Bxb2 16. Qc2 exf5 17.
Qc8+ Ke7 18. Qxh8 $18) 15. Nb6 O-O (15... Ra7 16. Nd5 Qb7 17. Qd4 Nc6 18. Qxg7
Rf8 19. Bxa7 Qxa7 20. Qxh7 $13) (15... f4 $6 16. gxf4 Bd8 17. Nxa8 Qb7 18. f3
$16) 16. Nxa8 Qxb2 (16... Bf6 17. Rb1 Qb7 18. Nb6 f4 19. gxf4 Re8 20. Qd5 $16)
17. Nb6 Bf6 18. Qf3 (18. Nxd7 Qxa1 19. Qxa1 Bxa1 20. Nxf8 Be5 21. f3 Nc3 (21...
Kxf8 22. fxe4 fxe4 23. Rc1 $14) 22. Bc5 Nxa2 23. Re1 Nc6 24. Nd7 f6 $11) 18...
g6 (18... Re8 19. Qxf5 $14) 19. a4 Qb3 20. Rab1 (20. Rac1 Bd4 $1 $11) 20... Qe6
{Black has two pawns for an exchange and good control of the central squares.}
21. Bf4 Nc6 (21... Bd4 $5 22. Qb3 Nc6 $13) 22. Qb3 g5 (22... Nd4 $6 23. Qxe6
dxe6 24. Nd7 Rd8 25. Nxf6+ Nxf6 26. Kg2 $14) (22... Bd4 $5 23. Qxe6 dxe6 $44)
23. Be3 f4 $6 (23... Nc3 $2 24. Qxe6 dxe6 25. Nd7 Nxb1 26. Rxb1 Be7 27. Nxf8
Kxf8 28. Rb6 $18) (23... Rb8 24. Qxe6 dxe6 25. Nd7 Rxb1 26. Nxf6+ Nxf6 27. Rxb1
$16) (23... Rd8 24. Nd5 $14) 24. Qxe6 (24. gxf4 $2 Qg4+ 25. Kh1 Qf3+ 26. Kg1
gxf4 $19) 24... fxe6 (24... dxe6 25. gxf4 gxf4 26. Bxf4 $16) 25. gxf4 gxf4 26.
Bxf4 Nc3 (26... Bd4 27. Be3 Rf7 $14) 27. Nxd7 $1 {[%mdl 64] The tactics works
in white's favour, unusual endgame will be easily won.} (27. Rb2 Nd5 $17) 27...
Ne2+ 28. Kh1 Nxf4 29. Rb6 (29. Nxf8 Kxf8 30. Rb6 Ne5) 29... Ne5 30. Nxf8 Kxf8
31. Rxa6 Ned3 (31... Kf7 32. a5 Kg6 33. Ra8 $18) 32. a5 Bd4 33. Kg1 Ke7 (33...
Nxf2 $2 34. Rxf2 Kg7 35. Kf1 $18) 34. Ra8 Nxf2 35. a6 (35. Rxf2 Nh3+ 36. Kg2
Nxf2 37. a6 Nd3 38. a7 $18) 35... N2h3+ (35... N2d3+ 36. Kh1 Kf6 37. a7 Ke5 38.
h4 h5 39. Kh2 Ke4 40. Ra1 Bxa1 41. Rg8 $18) 36. Kh1 Nf2+ 37. Rxf2 Bxf2 38. a7
Bxa7 39. Rxa7+ Kf6 40. Rxh7 $18 {Black now doesn't even has a pawn as a
compensation for the missing exchange.} Kf5 (40... e5 41. Kg1 e4 42. Kf2 $18)
41. Rg7 e5 42. Kg1 Kf6 43. Rg8 Ng6 (43... Kf7 44. Rg4 Kf6 45. Kf2 $18) 44. Kf2
Kf7 45. Ra8 Kf6 46. Kg3 Kf5 (46... Kg5 47. Rg8 e4 48. Re8 Kf5 49. h4 $18) 47.
h4 Nf4 48. Rf8+ Kg6 49. Kg4 Nd5 (49... Nh5 50. Rg8+ Kf7 51. Rh8 Nf4 52. Kf5 $18
) 50. Rg8+ Kh6 51. Rg5 Ne3+ (51... Nf6+ 52. Kf5 $18) 52. Kg3 (52. Kf3 Nc4 53.
Ke4 Nd2+ 54. Kf5 $18) 52... Nc4 53. Kf3 Nd2+ 54. Kg4 Nc4 55. h5 Ne3+ 56. Kh4
Nc4 57. Rg6+ Kh7 58. Re6 Nd2 59. h6 (59. h6 Nf3+ 60. Kh5 $18) 1-0

[Event "RUS-ch51"]
[Site "St Petersburg"]
[Date "1998.08.05"]
[Round "9"]
[White "Zvjaginsev, Vadim"]
[Black "Goldin, Alexander"]
[Result "1-0"]
[WhiteElo "2650"]
[BlackElo "2570"]
[Annotator "Ftacnik,L"]
[PlyCount "69"]
[EventDate "1998.07.28"]
[EventType "swiss"]
[EventRounds "11"]
[EventCountry "RUS"]
[SourceTitle "CBM 067"]
[Source "ChessBase"]
[SourceDate "1998.11.30"]
[SourceVersion "2"]
[SourceVersionDate "1998.11.01"]
[SourceQuality "1"]

1. e4 {Baburin} c5 2. Nf3 e6 3. Nc3 a6 4. g3 b5 5. Bg2 Bb7 6. d3 d6 7. O-O Nd7
(7... Nf6 8. Ng5 Qc7 (8... h6 9. Nh3 Nc6 (9... Qc7 10. f4 Be7 (10... Nbd7 11.
f5 e5 12. Nf2 Be7 13. b3 Rc8 14. a4 Bc6 15. Qe2 Qb7 16. Be3 Bd8 17. axb5 axb5
18. Nb1 Ra8 19. Rxa8 Qxa8 20. c4 {1/2-1/2 Balashov,Y-Bologan,V/Kstovo 1998/NIC
98,07 (49)}) 11. a4 b4 12. Nb1 O-O 13. c3 bxc3 14. Nxc3 Nc6 15. Be3 Nd4 16. Nf2
Rab8 17. Bxd4 cxd4 18. Ne2 Qb6 19. Qd2 a5 20. b3 Ba6 {0-1 Kosanski,S-Sirotkina,
N/Pula 1990/TD 90\01 (46)}) 10. f4 b4 (10... Qc7 11. f5 b4 12. Nb1 exf5 13.
Rxf5 Be7 14. Nd2 d5 15. exd5 Nd4 16. Rf2 Bxd5 17. Bxd5 Nxd5 18. Nc4 O-O 19. Nf4
Nxf4 20. Bxf4 Qc6 {1/2-1/2 Vasiukov,E-Murshed,N/Doha 1992/EXT 92op (63)}) (
10... Be7 11. a3 Nd7 12. f5 e5 13. Nd5 Nf6 14. Nxe7 Qxe7 15. c3 a5 16. g4 Qc7
17. Nf2 {1/2-1/2 Kogan,A-Antic,D/Sabac 1998/CBM 65 (67)}) 11. Na4 Be7 12. f5 e5
13. Nf2 a5 14. c3 Rc8 15. h4 Ba6 16. Re1 Bb5 17. a3 Rb8 18. Be3 b3 19. Qxb3
Bxd3 20. Qd1 Bc4 {0-1 Vasiukov,E-Vyzmanavin,A/Moscow 1984/MCL 02 (39)}) (8...
Nc6 9. f4 Be7 10. f5 exf5 11. exf5 d5 12. Nxd5 Nxd5 13. Qh5 Bxg5 14. Bxg5 Nf6
15. Rae1+ Kf8 16. Bxf6 Qxf6 17. Re6 Qd4+ 18. Rf2 Qd7 {0-1 Najer,E-Ionov,S/St
Petersburg 1998/TW 171 (39)}) (8... b4 9. Ne2 Be7 10. f4 d5 11. e5 Nfd7 12. Nf3
Nc6 13. c4 bxc3 14. bxc3 a5 15. Rb1 Rb8 16. f5 Bc8 17. Rxb8 Ndxb8 18. fxe6 Bxe6
19. Nf4 O-O 20. Nxe6 fxe6 21. Bf4 {1-0 Morozevich,A-Rublevsky,S/St. Petersburg
1998/ (44)}) 9. f4 Nc6 10. f5 exf5 11. Nd5 Nxd5 12. exd5 Ne7 13. Qe2 Bc8 14.
Bd2 h6 15. Nh3 b4 16. a3 g6 17. axb4 cxb4 18. Kh1 Rb8 19. c3 Bg7 20. Rfe1 {
1/2-1/2 Haygarth,M-Clarke,P/York 1959/MCD-ch (44)}) 8. Ng5 {Baburin: 'The
knight gives way to the f-pawn and also tries to provoke a weakening move ...
h6.'} Ngf6 9. f4 b4 (9... Qc7 10. Qe2 h6 11. Nf3 b4 12. Nd1 Nb6 13. Nf2 Nfd7
14. Bd2 a5 15. Rae1 Be7 16. e5 d5 17. f5 $1 Nf8 (17... exf5 18. e6 $40) 18. f6
gxf6 19. exf6 Bd6 (19... Bxf6 20. Ng4 $40) 20. Ng4 {0-1 Fletzer,G-Rossolimo,N/
Venedig 1949/ (51)}) 10. Ne2 h6 11. Nh3 {The characted of the game strongly
resembles the closed sicilian. White is modest on the queenside, since his
chances rest on the opposite part of the board.} (11. Nf3 Be7 12. a3 a5 $11)
11... c4 12. Nf2 cxd3 13. cxd3 (13. Qxd3 Qc7 {xc2}) 13... e5 (13... Be7 14. e5
Nd5 (14... Bxg2 15. exf6 Bxf1 16. fxe7 Qxe7 17. Qxf1 $14) 15. d4 dxe5 16. dxe5
$11) 14. Be3 Be7 15. d4 O-O (15... exf4 16. Nxf4 O-O 17. Qb3 $16) 16. g4 {
'!' Baburin. Baburin: 'The existing target on the kingside - the h6-pawn -
allows White to open up files on the kingside rather quickly. This move also
vacates the g3-square for the e2-knight, which then can jump to f5.'} Re8 (
16... exd4 17. Bxd4 Nc5 18. Ng3 Ne6 19. Be3 $14) (16... exf4 17. Nxf4 $14) 17.
Ng3 (17. Qb3 exd4 18. Bxd4 Nc5 $5 19. Qxb4 Rb8 $13) 17... Bf8 (17... Rc8 18.
Nf5 exd4 19. Bxd4 Bf8 20. Re1 g6 21. Ng3 $14) 18. fxe5 {White dissolves the
center in order to prepare for the kingside attack.} (18. g5 exf4 19. Bxf4 hxg5
20. Bxg5 {Baburin: 'but Zvjagintsev wants to limit Black's light-squared
bishop.'} Qb6 $13) 18... dxe5 19. d5 Bc5 20. Qd2 (20. Bxc5 Nxc5 21. Qf3 $14)
20... Qb6 (20... Bxe3 21. Qxe3 Nf8 22. Rad1 $14) 21. Bxc5 Nxc5 (21... Qxc5 22.
g5 hxg5 23. Qxg5 $14) 22. g5 $1 {The logic of the pawn structure simply
dictates this opening of the access towards black king.} hxg5 (22... Nh7 23.
gxh6 gxh6 24. Nf5 $16) 23. Qxg5 Bc8 (23... Nd3 $5 24. Nf5 g6 $13) 24. Kh1 {
'!' Baburin. Baburin: 'White is ready to take advantage of the semi-open
g-file. Enjoying a stable centre, he can slowly build up his attack on the
right wing.'} Bd7 (24... Qd6 25. Rg1 $14) 25. Rg1 Nh7 26. Qe3 (26. Qd2 Nf6 $14)
26... Na4 27. Qd2 (27. Qxb6 Nxb6 28. Bh3 Bxh3 29. Nxh3 Nc4 30. Nf5 $14) 27...
Kh8 {'?' Baburin.} ({Perhaps Black should have sought chances in the endgame
arising after} 27... Qd4 {Baburin} 28. Qxd4 exd4) 28. Bh3 {'!' Baburin.} Bxh3 (
28... Rad8 29. Bxd7 Rxd7 30. Rad1 $16) 29. Nxh3 Qd4 30. Qc2 $1 {[%mdl 128] The
unfortunate location of black pieces enable Zvjagincev to win in direct attack.
} (30. Qxd4 $5 exd4 31. Rad1 Nxb2 32. Rxd4 a5 33. Nf5 $16) 30... Nxb2 (30...
Nc5 31. Rad1 Qe3 32. Qg2 $16) 31. Nf5 Qc3 32. Qg2 $1 (32. Qxc3 bxc3 33. Rxg7
Rg8 34. Rxf7 Raf8 $14) 32... g6 (32... Rg8 33. Ng5 Raf8 34. Nxh7 Kxh7 35. Qg4
$18) 33. Ng5 {'!' Baburin. Baburin: 'White has reached an ideal situation for
attack, as he is enjoying a great advantage in force on the kingside. Black's
pieces are far away from their king and cannot protect it.'} Nxg5 (33... gxf5
34. Nxf7#) ({White also wins after} 33... Rf8 {Baburin} 34. Nxh7 Kxh7 35. Raf1
$1) 34. Qxg5 Qf3+ 35. Rg2 (35. Rg2 Kg8 36. Qh6 Qxg2+ 37. Kxg2 gxf5 38. Rg1 $18)
1-0

[Event "Bundesliga 0506"]
[Site "Germany"]
[Date "2005.12.11"]
[Round "6.1"]
[White "Wippermann, Till"]
[Black "Volokitin, Andrei"]
[Result "0-1"]
[WhiteElo "2446"]
[BlackElo "2666"]
[Annotator "Ftacnik,L"]
[PlyCount "56"]
[EventDate "2005.10.21"]
[EventType "team-tourn"]
[EventRounds "15"]
[EventCountry "GER"]
[SourceTitle "CBM 111"]
[Source "ChessBase"]
[SourceDate "2006.04.04"]
[SourceVersion "1"]
[SourceVersionDate "2006.04.04"]
[SourceQuality "1"]
[WhiteTeam "Kirchheim"]
[BlackTeam "Katernberg"]
[WhiteTeamCountry "GER"]
[BlackTeamCountry "GER"]

1. e4 c5 2. Nf3 e6 3. b3 Nc6 4. Bb2 d5 5. exd5 exd5 6. Bb5 Nf6 7. O-O Be7 8.
Ne5 Qc7 9. Re1 O-O $5 {Volokitin is a very dangerous player, and his seemingly
forbidden castling aims to exploit unprotected white king.} (9... Be6 10. d3 (
10. Nxc6 bxc6 11. Be5 Bd6 12. Bxd6 Qxd6 13. Bf1 h5 14. Qf3 Ke7 15. Qg3 Qxg3 16.
hxg3 g5 17. Nc3 Kd6 {1/2-1/2 Liiva,R-Pyhala,A/Finland 1996/ (48)}) (10. Nc3 O-O
11. Bxc6 bxc6 12. Qe2 Bd6 13. Na4 Rfe8 14. f4 Bf5 15. d3 Nd7 16. Qf2 d4 17.
Nxd7 Bxd7 18. g3 Be6 19. Re2 Bd5 20. Ba3 Rxe2 21. Qxe2 Qd7 22. Re1 g5 23. Bxc5
gxf4 24. Bxd6 Qxd6 25. Qf2 {1/2-1/2 Lokasto,A-Georgiev,V/Val Thorens 1995/ (34)
}) 10... O-O 11. Bxc6 bxc6 12. Nd2 Rfe8 13. h3 Bd6 14. Ndf3 Nd7 15. Nxd7 Bxd7
16. Qd2 f6 17. Ba3 a5 18. Rxe8+ Bxe8 19. Qe3 d4 20. Qe1 {1/2-1/2 Kruszynski,
W-Hutters,T/Copenhagen 1989/ (26)}) 10. Nxc6 (10. Bxc6 bxc6 11. Nxc6 Bd6 12.
Ne5 Re8 13. f4 Bb7 (13... Bf5 14. d3 $13) 14. Na3 a6 $15) 10... bxc6 11. Be2 (
11. Bxc6 $2 Ng4 $1 12. g3 Qxc6 13. Rxe7 Be6 (13... Qh6 14. h4 Qd6 15. Re1 d4
16. Qf3 $13) 14. Qf3 Qd6 15. Rb7 d4 16. Qf4 Qd5 17. Re7 Qh5 18. h4 Ne5 $19)
11... Ne4 (11... Bf5 12. d3 Bd6 $15) 12. Bf3 (12. d3 $2 Nxf2 $1 13. Kxf2 Qxh2
$19) (12. f3 Ng5 13. Kh1 Bd6 14. g3 Re8 15. Na3 Bf5 $17) 12... f5 13. d3 Bd6 $5
14. dxe4 {Wippermann was probably too brave to play a very sharp opening
position, since his kingside is left exposed with minimal protection.} (14. h3
Bh2+ 15. Kf1 Be5 16. c3 Ba6 $15) 14... Bxh2+ 15. Kh1 (15. Kf1 $2 fxe4 16. Be2
Rxf2+ 17. Kxf2 Qg3+ 18. Kf1 e3 $19) 15... Qf4 $2 (15... fxe4 $1 16. Bxe4 (16.
Bg4 Rxf2 17. Bxc8 Rxc8 18. Qg4 Rcf8 19. Na3 Bg3 $19) (16. Be2 Rxf2 17. Rf1 Bg3
$19) 16... dxe4 17. Nd2 e3 $1 (17... Qd6 18. Qh5 Qxd2 19. Qxh2 $15) 18. Rxe3
Bf4 19. Re1 Qf7 20. Kg1 Be6 $17) 16. exd5 $2 {[%mdl 256] Till was naturally
scared of all the threats to his own king, but swaping the pawn in the center
is not solving the problem.} (16. g3 Qh6 17. Bc1 f4 18. Bh5 $1 Qe6 (18... g5
19. Kxh2 f3 20. Rh1 Qxh5+ 21. Kg1 $18) 19. Bg4 (19. g4 Qf6 20. Kxh2 Qh4+ $1 (
20... Qxa1 $6 21. Ba3 g6 22. Bxc5 gxh5 23. exd5 $1 $16) 21. Kg1 f3 22. Qd3 (22.
Re3 Bxg4 23. Bxg4 Qxg4+ 24. Kf1 Qg2+ 25. Ke1 dxe4 $19) 22... Bxg4 23. exd5 Qh3
24. Qf1 Qxh5 25. dxc6 Bh3 26. Qc4+ Kh8 $19) 19... Qh6 (19... Qe5 20. Bxf4 Qxa1
21. Bxc8 Raxc8 22. Kxh2 $18) 20. Kg2 Bxg3 21. fxg3 Qg6 22. Bxf4 Bxg4 23. Qd3
$16) 16... Qh4 $1 17. Na3 Be5+ 18. Kg1 Qh2+ 19. Kf1 Bxb2 20. Nc4 Bxa1 {Good
enough, but black could already have capitalized on the exposed white king
with nasty move 20...Bc3! winning material.} (20... Bc3 $1 21. Qd3 (21. dxc6
Qh1+ 22. Ke2 Re8+ 23. Kd3 Bxe1) 21... Bxa1 22. dxc6 Ba6 $19) 21. Qxa1 Qh1+ 22.
Ke2 Re8+ 23. Kd2 (23. Ne3 Qh4 24. Rh1 Qg5 $19) 23... Qh6+ 24. Re3 (24. Ne3 f4
25. Nc4 Ba6 $19) 24... Bb7 25. d6 (25. dxc6 Rad8+ 26. Kc1 Bxc6 $19) 25... Rad8
26. Qe1 (26. Qc3 Ba6 $19) 26... Ba6 27. Kc3 Qf6+ 28. Kd2 (28. Ne5 f4 29. Re4
Rxd6 $19) 28... Qd4+ (28... Qd4+ 29. Kc1 Qa1+ 30. Kd2 Qxe1+ 31. Kxe1 Bxc4 32.
bxc4 Rxe3+ 33. fxe3 Rxd6 $19) 0-1

[Event "Tilburg"]
[Site "Tilburg"]
[Date "1994.??.??"]
[Round "3"]
[White "Akopian, Vladimir Eduardovic"]
[Black "Khenkin, Igor"]
[Result "1-0"]
[WhiteElo "2630"]
[BlackElo "2580"]
[Annotator "Ftacnik,L"]
[PlyCount "43"]
[EventDate "1994.09.??"]
[EventType "k.o."]
[EventRounds "7"]
[EventCountry "NED"]
[SourceTitle "CBM 044"]
[Source "ChessBase"]
[SourceDate "1995.02.01"]
[SourceVersion "1"]
[SourceVersionDate "1995.02.01"]
[SourceQuality "1"]

1. e4 c5 2. Nf3 e6 3. b3 a6 4. Bb2 Nc6 5. c4 f6 6. Be2 (6. d4 cxd4 7. Nxd4 Bb4+
8. Nd2 Nge7 $10) 6... Nh6 7. O-O e5 8. Nh4 Bd6 9. Bh5+ g6 (9... Nf7 10. Nc3 $16
) 10. Bxg6+ $5 hxg6 11. Nxg6 Rg8 12. Qh5 Nf7 13. f4 $1 exf4 14. Nc3 Be5 15.
Rxf4 $3 Bxf4 (15... Rxg6 16. Qxg6 Bxf4 17. Nd5 Bh6 18. Bxf6 $18) 16. Nd5 Nce5 (
16... Be5 17. Bxe5 Ncxe5 18. Nxe5 fxe5 19. Rf1 Rf8 20. Rxf7 Rxf7 21. Qxe5+ Qe7
(21... Kf8 22. Qh8#) 22. Nxe7 Rxe7 23. Qh8+ Kf7 24. e5 $16) 17. Ndxf4 d6 18.
Rf1 Rg7 (18... Bd7 19. Bxe5 dxe5 20. Nd5 $40) 19. Bxe5 fxe5 (19... dxe5 20. Nd5
Kd7 21. Rxf6 $18) 20. Nd5 Kd7 21. Qf5+ Ke8 (21... Kc6 22. Nge7+ $18) 22. Nf6+
1-0

[Event "Budapest zt-A"]
[Site "Budapest"]
[Date "1993.??.??"]
[Round "5"]
[White "Georgiev, Kiril"]
[Black "Polgar, Judit"]
[Result "1-0"]
[WhiteElo "2660"]
[BlackElo "2595"]
[Annotator "Georgiev,Ki"]
[PlyCount "93"]
[EventDate "1993.03.??"]
[EventType "tourn"]
[EventRounds "11"]
[EventCountry "HUN"]
[EventCategory "11"]
[SourceTitle "CBM 034"]
[Source "ChessBase"]
[SourceDate "1993.06.01"]
[SourceVersion "1"]
[SourceVersionDate "1993.06.01"]
[SourceQuality "1"]

1. e4 c5 2. Nf3 e6 3. d4 cxd4 4. Nxd4 Qb6 $5 5. Nb3 Qc7 6. g3 Nc6 7. Bg2 Nf6 8.
Bf4 $6 (8. O-O $142 {/\ Nc3, a4}) 8... d6 9. Na3 $6 a6 10. O-O (10. Nc4 Ne5 11.
Nxe5 dxe5 12. Be3 Be7 $10) 10... Be7 11. c4 O-O 12. Rc1 (12. c5 e5 13. cxd6
Bxd6 14. Nc4 Rd8 $10) 12... e5 (12... Ne5 $142 {/\ b6, Bb7}) 13. Be3 Be6 (13...
Rb8 $142 {/\ b5, Polgar J.}) 14. h3 b5 15. f4 $1 (15. cxb5 $6 axb5 16. Nxb5 Qd7
17. a4 Bxh3 18. Bxh3 Qxh3 19. Rxc6 Ng4 20. Re1 Qh2+ 21. Kf1 Qh1+ 22. Ke2 Qxe4
$44) 15... b4 (15... Nb4 $5 16. cxb5 Qb8 17. f5 Bd7 $13) 16. Nb1 a5 17. f5 Bc8
18. g4 Nd7 $2 (18... h6 $142) 19. g5 Re8 20. f6 Bf8 $8 21. fxg7 Bxg7 22. Rxf7
$1 Kxf7 23. Qh5+ Ke7 $2 (23... Kg8 24. Qxe8+ Nf8 {/\ Bb7, Nd4~/=} 25. c5 Bb7
$13) 24. Qxh7 Kd8 25. Qxg7 a4 26. N3d2 $16 Nd4 (26... Nc5 $2 27. Qf6+ Qe7 28.
Bxc5 Qxf6 29. Bb6+ $18) 27. g6 $6 (27. Rf1 $142) 27... Ne6 $6 (27... Ne2+ $142
28. Kh1 Nf4) 28. Qh6 Ba6 29. Rf1 Kc8 30. g7 Kb7 31. Rf7 $1 Rad8 32. g8=Q Rxg8
33. Qxe6 $18 Kb8 34. Kh2 Bc8 35. Nf3 Nf8 36. Rxc7 Bxe6 37. Rc6 Nh7 38. Nbd2
$138 (38. Nxe5 $18) 38... Rg7 39. Rb6+ Kc7 40. c5 Nf6 41. cxd6+ Rxd6 42. Rxb4
a3 43. Nxe5 Nh5 44. bxa3 Bxa2 45. Rb2 Be6 46. Rc2+ Kb7 47. Nec4 1-0